[Event "ESP-ch Rapid 2018"]
[Site "Linares"]
[Date "2018.08.19"]
[Round "3"]
[White "Martin Rueda, Daniel"]
[Black "Ljubojevic, Ljubomir"]
[Result "0-1"]
[WhiteElo "2267"]
[BlackElo "2571"]
[Annotator "TA"]
[EventDate "2018.08.19"]
[PlyCount "104"]
[EventType "team-tourn"]
[EventCountry "ESP"]

1. d4 g6 2. e4 Bg7 3. Nc3 d6 4. g3 c6 5. a4 a5 6. Bg2 Nf6 7. Nge2 O-O 8.
O-O Na6 9. h3 Qc7 10. Be3 e5 11. Qd2 Re8 12. Rad1 Be6 13. b3 Rad8 $146 14.
f4 exd4 15. Nxd4 Bc8 16. Rfe1 Nh5 17. Bf2 f5 18. exf5 $18 gxf5 19. Rxe8+
Rxe8 20. Re1 Rxe1+ $14 21. Qxe1 Kf7 22. Nd5 cxd5 $11 23. Bxd5+ Kf8 $1 24.
Ne6+ $1 Bxe6 $1 25. Qxe6 Nf6 26. Bc4 Nc5 27. Qxf5 $15 Qd7 28. Qg5 Nce4 29.
Qxa5 $11 Nxf2 30. Kxf2 d5 31. Bd3 Kf7 32. Kg2 Bf8 33. g4 Qd6 $36 34. Kf3
Be7 35. Qa8 Bd8 36. Qxb7+ Bc7 $1 37. Bf5 Qxf4+ 38. Ke2 Qe5+ 39. Kd3 Ne4 40.
Qc6 $2 Bd6 $2 41. Qd7+ Be7 42. Qc8 $2 Nd6 $2 43. Qd7 $19 Ne4 $2 44. Qc8
Nc5+ 45. Kd2 Bg5+ 46. Kd1 Qd4+ 47. Bd3 Qg1+ 48. Ke2 Qe3+ 49. Kf1 Qxh3+ 50.
Ke2 Qg2+ 51. Ke1 Bh4+ 52. Kd1 Qg1+ 0-1

[Event "ESP-ch Rapid 2018"]
[Site "Linares"]
[Date "2018.08.19"]
[Round "3"]
[White "Jimenez Martinez, Jose Vicente"]
[Black "Rodriguez Martin, Emilio"]
[Result "1-0"]
[WhiteElo "2243"]
[BlackElo "2159"]
[Annotator "TA"]
[EventDate "2018.08.19"]
[PlyCount "57"]
[EventType "team-tourn"]
[EventCountry "ESP"]

1. d4 d5 2. c4 c6 3. Nf3 Nf6 4. Nc3 g6 5. cxd5 cxd5 6. Bf4 Nc6 7. h3 Bg7 8.
e3 a6 9. Be2 O-O 10. O-O e6 11. Ne5 Bd7 12. a4 $146 Rc8 13. Nxc6 Bxc6 14.
b4 Ne4 15. Nxe4 dxe4 16. b5 axb5 17. axb5 Bd5 18. Qd2 Qe7 19. b6 Bc4 20.
Bxc4 $18 Rxc4 21. Bc7 Qd7 22. Rfc1 Rxc1+ 23. Qxc1 Qd5 $2 24. Ra7 Rc8 25.
Qc5 Qb3 26. Rxb7 Bf8 27. Qc6 Qd1+ 28. Kh2 Qf1 29. Qd7 1-0

[Event "ESP-ch Rapid 2018"]
[Site "Linares"]
[Date "2018.08.19"]
[Round "3"]
[White "Carretero Ortiz, Francisco"]
[Black "Perez Candelario, Manuel"]
[Result "1/2-1/2"]
[WhiteElo "2241"]
[BlackElo "2611"]
[Annotator "TA"]
[EventDate "2018.08.19"]
[PlyCount "52"]
[EventType "team-tourn"]
[EventCountry "ESP"]

1. e4 g6 2. d4 Bg7 3. Nc3 c6 4. Bc4 d6 5. Nf3 b5 6. Bb3 b4 7. Ne2 a5 8. a3
bxa3 $146 9. Rxa3 Nf6 10. e5 dxe5 11. Nxe5 O-O 12. O-O e6 13. Bg5 Ba6 14.
Re1 $16 c5 15. d5 exd5 16. Ng4 Bxe2 17. Qxe2 c4 $11 18. Qf3 Ra6 19. Ba4 h5
20. Nxf6+ Bxf6 21. Bh6 Bg7 $40 22. Bxg7 Kxg7 23. Re5 Rd6 24. g4 Qf6 $1 $17
25. Qg3 hxg4 26. Rae3 $2 Na6 1/2-1/2

[Event "ESP-ch Rapid 2018"]
[Site "Linares"]
[Date "2018.08.19"]
[Round "3"]
[White "Silva Rodriguez, Fernando"]
[Black "Razola, Garcia Joaquin"]
[Result "1-0"]
[WhiteElo "2239"]
[BlackElo "2087"]
[Annotator "TA"]
[EventDate "2018.08.19"]
[PlyCount "75"]
[EventType "team-tourn"]
[EventCountry "ESP"]

1. d4 Nf6 2. c4 e6 3. Nc3 Bb4 4. e3 b6 5. Bd3 Bb7 6. f3 O-O 7. Ne2 Nh5 8.
O-O f5 9. a3 Bd6 $146 10. Qe1 f4 11. e4 e5 $14 12. Nb5 Nc6 13. Nxd6 $16
cxd6 14. Qf2 Qf6 15. b4 Rae8 16. Bb2 Qg5 17. Kh1 Rf6 18. Bc1 Qg6 19. d5 $18
Nd4 20. Nxd4 Ng3+ 21. Kg1 $1 exd4 $2 22. Rd1 Re5 23. Bxf4 Ne2+ 24. Bxe2
Rxf4 25. Bf1 h5 26. Rxd4 Qf6 27. Ra2 h4 28. h3 Rg5 29. Kh1 Rg3 30. Rd3 g5
31. Qd4 Qf7 32. a4 g4 33. hxg4 Rfxg4 34. Rd1 Rh3+ $2 35. gxh3 Qxf3+ 36. Rg2
Rxg2 37. Bxg2 Qxd1+ 38. Qxd1 1-0

[Event "ESP-ch Rapid 2018"]
[Site "Linares"]
[Date "2018.08.19"]
[Round "3"]
[White "Centron Antuna, Daniel"]
[Black "Joglar Garcia, Maria"]
[Result "1-0"]
[WhiteElo "2231"]
[BlackElo "1583"]
[Annotator "TA"]
[EventDate "2018.08.19"]
[PlyCount "83"]
[EventType "team-tourn"]
[EventCountry "ESP"]

1. c4 e5 2. Nc3 Nc6 3. g3 d6 4. Bg2 Bd7 5. e3 Nf6 6. Nge2 Be7 7. O-O O-O 8.
d4 exd4 9. exd4 Re8 10. a3 Rb8 11. b4 $146 a5 12. b5 Na7 13. Rb1 c6 14. b6
Nc8 $11 15. c5 dxc5 16. Bf4 Bd6 $1 17. dxc5 Bxf4 18. Nxf4 Bf5 19. Qxd8 Rxd8
20. Rbd1 Ne7 21. Rfe1 Ng6 22. Nxg6 Bxg6 23. Ne2 Re8 24. Nf4 Bf5 25. h3 h6
26. Ne2 Rbd8 27. Rxd8 Rxd8 28. g4 Bh7 29. Nc1 a4 30. Na2 Bc2 $2 31. Nb4 $18
Rd1 $2 32. Nxc2 Rxe1+ 33. Nxe1 Nd7 34. Nd3 f6 35. Be4 Kf7 36. Bf5 Ke7 37.
Bxd7 Kxd7 38. f4 Ke6 39. Nb4 g6 40. Kf2 f5 41. gxf5+ gxf5 42. Kg3 1-0

[Event "ESP-ch Rapid 2018"]
[Site "Linares"]
[Date "2018.08.19"]
[Round "3"]
[White "Sande Edreira, Jose Antonio"]
[Black "Sanjuan Garcia, Miguel"]
[Result "1-0"]
[WhiteElo "2230"]
[BlackElo "2115"]
[Annotator "TA"]
[EventDate "2018.08.19"]
[PlyCount "97"]
[EventType "team-tourn"]
[EventCountry "ESP"]

1. c4 Nf6 2. g3 g6 3. Bg2 Bg7 4. Nc3 O-O 5. e4 d6 6. Nge2 e5 7. O-O Nc6 8.
d3 Be6 9. f4 Qc8 10. Nd5 Bh3 $146 11. f5 $16 Bxg2 12. Nxf6+ Bxf6 13. Kxg2
Qd8 14. Bh6 Bg7 15. Bxg7 Kxg7 16. f6+ Kh8 17. Qd2 Rg8 18. h4 Qf8 19. g4 h6
$11 20. g5 Kh7 21. Rf3 Re8 22. Rh1 h5 23. Qd1 Rb8 24. Ng3 Rh8 25. Ne2 Kg8
26. Rf2 Qc8 27. Nc3 Kf8 28. Nd5 Qd7 29. Rhf1 Rg8 30. Ne7 Rh8 31. Nxc6 Qxc6
32. Qf3 Qd7 33. Rd1 c5 34. Rb1 a5 35. b3 b5 36. cxb5 Rxb5 37. Rc2 Kg8 $15
38. Qh3 Qxh3+ 39. Kxh3 Kf8 40. d4 exd4 41. e5 $1 Ke8 42. exd6 Kd7 43. a4
Rb4 44. Rxc5 Kxd6 45. Rxa5 Rc8 46. Ra7 Rc3+ 47. Kg2 Ke6 48. Re7+ $16 Kf5 $2
49. Rf1+ 1-0

[Event "ESP-ch Rapid 2018"]
[Site "Linares"]
[Date "2018.08.19"]
[Round "3"]
[White "Perera Borrego, Maria Adela"]
[Black "Izquierdo Puertas, Carlos"]
[Result "1/2-1/2"]
[WhiteElo "2177"]
[BlackElo "2010"]
[Annotator "TA"]
[EventDate "2018.08.19"]
[PlyCount "143"]
[EventType "team-tourn"]
[EventCountry "ESP"]

1. d4 Nf6 2. Nf3 d5 3. g3 e6 4. Bg2 Be7 5. O-O O-O 6. b3 b6 7. Bb2 Bb7 8.
c4 Nbd7 9. Nbd2 Ne4 10. Nxe4 dxe4 11. Nd2 f5 12. e3 Bf6 13. f3 exf3 14.
Nxf3 $146 Qe7 15. Qe2 Rae8 16. Rad1 g5 17. Ne1 Bxg2 18. Qxg2 c5 19. Qb7
cxd4 20. exd4 Rb8 21. Qxa7 Ra8 $36 22. Qb7 Rfb8 23. Qg2 Rxa2 24. Rf2 Bg7
25. Bc3 Rxf2 26. Qxf2 Nf6 27. Qf3 Ne4 28. Bb2 Ra8 $17 29. g4 Rf8 30. gxf5
exf5 31. Nd3 g4 $1 32. Qe2 Qh4 33. Qg2 Ng5 34. Ne5 Nh3+ $2 35. Kf1 $11 Nf4
36. Qg3 Qxg3 $1 37. hxg3 Nh5 38. Kg2 Nf6 39. Nd3 Ne4 40. Nf4 Ra8 $17 41.
Ra1 Rxa1 42. Bxa1 Kf7 43. Nd5 Nd2 44. Nxb6 Nxb3 45. Bc3 Bxd4 46. Nd5 $2
Bxc3 $19 47. Nxc3 Ke6 48. Kf2 Ke5 49. Ke3 h5 $2 50. Ne2 $1 $11 Na5 51. c5
Nc4+ 52. Kd3 Kd5 53. Nf4+ Kxc5 54. Nxh5 Nd6 55. Ke3 Kd5 56. Kf4 Ke6 57. Kg5
Ne4+ 58. Kg6 Ke5 $17 59. Kh6 Nxg3 60. Nxg3 f4 61. Nf1 $2 g3 $19 62. Nd2 Kf5
$2 63. Kh5 $11 g2 64. Nf3 Ke4 65. Kg4 Ke3 66. Ng1 Kf2 67. Nf3 Ke3 68. Ng1
Ke4 69. Nf3 Ke3 70. Ng1 Kf2 71. Nf3 Ke3 72. Ng1 1/2-1/2

[Event "ESP-ch Rapid 2018"]
[Site "Linares"]
[Date "2018.08.19"]
[Round "3"]
[White "Fernandez De Bobadilla, Gabriel"]
[Black "Roldan Marques, Daniel"]
[Result "1/2-1/2"]
[WhiteElo "2175"]
[BlackElo "2161"]
[Annotator "TA"]
[EventDate "2018.08.19"]
[PlyCount "162"]
[EventType "team-tourn"]
[EventCountry "ESP"]

1. d4 d5 2. c4 e6 3. Nc3 c6 4. e3 f5 5. Qc2 Nf6 6. Bd3 Bd6 7. cxd5 exd5 8.
Bxf5 $16 Bxf5 9. Qxf5 O-O 10. Qe6+ $146 Kh8 11. Nf3 Re8 12. Qf5 Qe7 13. Bd2
Nbd7 14. O-O Rf8 15. Ng5 Rae8 16. e4 g6 17. Qh3 Nxe4 18. Ngxe4 dxe4 19.
Rae1 Nf6 20. Bh6 Rf7 21. Bg5 Bb4 22. Rxe4 $1 Qf8 23. Bxf6+ Rxf6 24. Qe3
Rxe4 25. Nxe4 Re6 26. Rd1 Qf5 27. f3 Ba5 28. Qb3 Bb6 29. Kh1 Qd5 30. Nc3
Qxb3 $11 31. axb3 Bxd4 32. Ne4 Bb6 33. Rd7 $14 h6 34. Rxb7 Re8 35. Rd7 Rd8
36. Rxd8+ Bxd8 $16 37. Nd6 Bf6 38. Nc4 Bd4 39. g3 Kg7 40. Kg2 Kf6 41. Kf1
Ke6 42. Ke2 Kd5 43. h3 Kc5 44. Kd3 Bf6 45. f4 Kb4 46. Kc2 g5 47. fxg5 hxg5
$11 48. Ne3 Be5 49. g4 Bf6 50. Nc4 a6 51. Nd2 a5 52. Ne4 Be7 53. Nf2 Bf6
54. Nd3+ Kb5 55. Kd2 c5 56. Ke3 c4 57. bxc4+ Kxc4 58. Kd2 Kb3 59. Kc1 a4
60. Nc5+ Kb4 $1 61. Ne4 Be7 62. Kc2 Kc4 63. Nd2+ Kb4 64. Kd3 Bf6 65. Kc2
Be7 66. Nb1 Bf6 67. Nd2 Be7 68. Kd3 Bf6 69. Kc2 Be7 70. Nb1 Bf6 71. Nd2 Be7
72. Ne4 Kc4 73. Nc3 a3 74. bxa3 Bxa3 75. Ne4 Be7 76. Ng3 Bb4 77. Ne4 Be7
78. Ng3 Bb4 79. Ne4 Be7 80. Kd1 Kd3 81. Nxg5 Bxg5 1/2-1/2

[Event "ESP-ch Rapid 2018"]
[Site "Linares"]
[Date "2018.08.19"]
[Round "3"]
[White "Dominguez Alcon, Victor"]
[Black "Fernandez Calzada, Juan A"]
[Result "1-0"]
[WhiteElo "2172"]
[BlackElo "1692"]
[Annotator "TA"]
[EventDate "2018.08.19"]
[PlyCount "45"]
[EventType "team-tourn"]
[EventCountry "ESP"]

1. d4 Nf6 2. c4 c5 3. Nf3 g6 4. Nc3 cxd4 5. Nxd4 Bg7 6. g3 a6 7. Bg2 O-O 8.
O-O Nc6 9. Nc2 d6 10. b3 Rb8 11. Bb2 Qc7 12. Rc1 Bd7 13. Ne3 e6 $146 14.
Qd2 Rfd8 $2 15. Rfd1 Be8 $2 16. Ncd5 $1 $18 Nxd5 17. cxd5 Qa5 18. dxc6 Qxd2
19. Rxd2 Bxb2 20. Rxb2 bxc6 21. Bxc6 d5 22. Bxe8 Rxe8 23. Rc7 1-0

[Event "ESP-ch Rapid 2018"]
[Site "Linares"]
[Date "2018.08.19"]
[Round "3"]
[White "Riquelme Valero, Manuel Damian"]
[Black "Guerrero Romero, Antonio"]
[Result "1-0"]
[WhiteElo "2150"]
[BlackElo "1895"]
[Annotator "TA"]
[EventDate "2018.08.19"]
[PlyCount "89"]
[EventType "team-tourn"]
[EventCountry "ESP"]

1. d4 d5 2. c4 Nf6 3. Nc3 e6 4. Nf3 Be7 5. Bf4 c6 6. e3 O-O 7. Qc2 Nbd7 8.
O-O-O dxc4 9. Bxc4 b5 10. Bd3 Qa5 11. Kb1 Bb7 12. Ne5 $1 Rfd8 13. g4 $146
Nf8 $2 14. g5 $1 $36 Nd5 15. Nxd5 cxd5 $2 16. Qe2 $2 b4 $2 17. Rc1 $2 Rac8
$16 18. h4 Rxc1+ 19. Rxc1 Qb6 $2 20. h5 Rc8 21. Rxc8 Bxc8 22. g6 f5 $2 23.
f3 Bf6 24. gxh7+ $1 Kxh7 25. Ng4 Nd7 26. Nxf6+ Nxf6 $11 27. Be5 Qd8 $2 28.
Qh2 $1 $18 Bd7 29. Qh4 $1 Qg8 30. Qg5 $1 Ba4 $2 31. Qg6+ Kh8 32. h6 Ne8 $2
33. e4 dxe4 34. fxe4 b3 35. a3 Bd7 36. Bc4 fxe4 37. Qxe4 $2 Qh7 38. hxg7+
Nxg7 39. Qxh7+ Kxh7 40. Bxg7 Kxg7 $16 41. Bxb3 $18 Kf6 42. Kc2 Bb5 43. Kc3
e5 $2 44. d5 $2 Bd7 $2 45. Kb4 1-0

[Event "ESP-ch Rapid 2018"]
[Site "Linares"]
[Date "2018.08.19"]
[Round "3"]
[White "Galvez Extremera, Francisco"]
[Black "Fernandez Diaz, Ignacio"]
[Result "0-1"]
[WhiteElo "2142"]
[BlackElo "2071"]
[Annotator "TA"]
[EventDate "2018.08.19"]
[PlyCount "52"]
[EventType "team-tourn"]
[EventCountry "ESP"]

1. e4 e5 2. Nf3 Nc6 3. Nc3 Nf6 4. d4 exd4 5. Nd5 Be7 6. Bf4 d6 7. Nxd4 Nxd5
8. exd5 Nxd4 9. Qxd4 Bf6 10. Qe3+ Qe7 11. O-O-O Qxe3+ 12. Bxe3 O-O 13. Bb5
$146 a6 14. Ba4 b5 15. Bb3 a5 16. a4 Bg4 17. f3 Bd7 18. axb5 a4 $36 19. Bc4
a3 20. bxa3 Rxa3 21. Kd2 $1 Re8 22. Bd3 $2 Bc3+ $19 23. Ke2 Bd4 $1 24.
Bxh7+ Kxh7 25. Rxd4 Raxe3+ 26. Kf2 Re2+ 0-1

[Event "ESP-ch Rapid 2018"]
[Site "Linares"]
[Date "2018.08.19"]
[Round "3"]
[White "Arjol Lopez, Daniel"]
[Black "Santos Ruiz, Miguel"]
[Result "0-1"]
[WhiteElo "2137"]
[BlackElo "2517"]
[Annotator "RC"]
[EventDate "2018.08.19"]
[PlyCount "118"]
[EventType "team-tourn"]
[EventCountry "ESP"]

1. c4 e5 2. Nc3 Nf6 3. g3 Bb4 4. Nd5 Nxd5 5. cxd5 O-O 6. a3 Bc5 7. Bg2 c6
8. e3 cxd5 9. d4 exd4 10. exd4 Bb6 11. Ne2 Nc6 12. O-O d6 13. Be3 Bg4 14.
h3 Bxe2 15. Qxe2 Bxd4 16. Bxd4 Nxd4 17. Qd3 Qb6 18. Rad1 Nc6 19. Bxd5 Ne5
20. Qb3 Qxb3 21. Bxb3 Rfd8 22. Rd5 Kf8 23. Rfd1 Ke7 24. f4 Nc6 25. Re1+ Kd7
26. Red1 Ke7 27. Re1+ Kf8 28. Red1 Rac8 29. Rxd6 Rxd6 30. Rxd6 Na5 31. Rd3
Rc1+ 32. Kf2 Rb1 33. Bd5 Rxb2+ 34. Ke3 b6 35. Rc3 Rb5 36. Kd4 Ke7 37. Ke5
f6+ 38. Ke4 Rc5 39. Rxc5 bxc5 40. Bg8 Kd6 41. Bxh7 Nc4 42. a4 a5 43. Bg8
Nb6 44. Bb3 c4 45. Bc2 Kc5 46. g4 Kb4 47. Kd4 c3 48. g5 fxg5 49. fxg5 Nd7
50. h4 Nc5 51. g6 Nd7 52. h5 Nf6 53. Bd1 Nxh5 54. Ke5 Ka3 55. Kd4 Kb2 56.
Kc5 Nf4 57. Kb5 Nd3 58. Kc4 Ne5+ 59. Kb5 Ng4 0-1

[Event "ESP-ch Rapid 2018"]
[Site "Linares"]
[Date "2018.08.19"]
[Round "3"]
[White "Iglesias Leon, Francisco J"]
[Black "Diaz Rodriguez, Jose Antonio"]
[Result "1-0"]
[WhiteElo "2129"]
[BlackElo "1991"]
[Annotator "TA"]
[EventDate "2018.08.19"]
[PlyCount "84"]
[EventType "team-tourn"]
[EventCountry "ESP"]

1. Nf3 Nf6 2. b3 d6 3. d4 g6 4. Bb2 Bg7 5. g3 c6 6. Bg2 O-O 7. O-O Bg4 8.
Nbd2 Qd7 9. c4 Bh3 10. e4 Bxg2 11. Kxg2 Nh5 $146 12. h3 c5 13. Qc2 cxd4 14.
Nxd4 Nc6 15. N2f3 Rac8 16. Rfd1 a6 17. Qd2 Nf6 18. Qe2 e5 19. Nc2 Qe7 20.
Ba3 Rfd8 21. Ne3 Nd4 22. Qd3 Nh5 23. Nd5 Qe8 24. Nxd4 exd4 25. Bb2 b5 26.
cxb5 $18 axb5 27. Bxd4 Bxd4 $2 28. Qxd4 Rc5 29. g4 Rxd5 30. exd5 Ng7 31.
Re1 Qd7 32. Qf6 Rf8 33. Qe7 Qc8 34. Qxd6 h5 35. Rac1 Qa8 36. Qc6 Qxa2 37.
Qxb5 hxg4 38. hxg4 Qd2 39. Rcd1 Qg5 40. Qc4 Nh5 41. d6 Nf4+ 42. Kf3 Qf6 1-0

[Event "ESP-ch Rapid 2018"]
[Site "Linares"]
[Date "2018.08.19"]
[Round "3"]
[White "Perdomo Araujo, Angel Eduardo"]
[Black "Domingo Nunez, Ruben"]
[Result "0-1"]
[WhiteElo "2100"]
[BlackElo "2318"]
[Annotator "TA"]
[EventDate "2018.08.19"]
[PlyCount "108"]
[EventType "team-tourn"]
[EventCountry "ESP"]

1. e4 c5 2. Nf3 e6 3. Nc3 Nc6 4. d4 cxd4 5. Nxd4 Qc7 6. g3 a6 7. Bg2 h5 8.
Nde2 h4 9. Bf4 $146 d6 10. Qd2 h3 11. Bf1 Ne5 12. Bxe5 dxe5 13. O-O-O Nf6
14. f4 Ng4 $1 $19 15. fxe5 Nf2 16. Rg1 Nxd1 17. Nxd1 Bc5 18. Rh1 Qxe5 19.
Ndc3 b5 20. Nf4 $2 b4 21. Na4 Qxe4 22. Nxc5 Qxh1 23. Qf2 e5 24. Nfd3 Rh5
25. Qe1 Rf5 26. Bxh3 Qxe1+ 27. Nxe1 Rh5 28. Bg2 Rb8 29. h4 g5 30. Ne4 Rb6
31. Nxg5 Rxg5 32. hxg5 Rg6 33. Nf3 e4 34. Nd2 e3 35. Ne4 Bf5 36. Kd1 Re6
37. Nf6+ Kf8 38. Bd5 Bxc2+ $1 39. Ke2 $2 Bd3+ $1 40. Ke1 Rd6 41. b3 Rd8 42.
Bb7 a5 43. g4 Kg7 44. Bf3 Rc8 45. Nh5+ Kf8 46. Kd1 Rc2 47. Nf4 Rd2+ 48. Ke1
Bb1 49. Nd5 Bxa2 50. Nxe3 Rd3 51. Ke2 Rxb3 52. Bc6 Rc3 53. Be4 a4 54. Nd5
Bxd5 0-1

[Event "ESP-ch Rapid 2018"]
[Site "Linares"]
[Date "2018.08.19"]
[Round "3"]
[White "Collado Barbas, Laura"]
[Black "Vinuela Diaz, Saul"]
[Result "0-1"]
[WhiteElo "2095"]
[BlackElo "2216"]
[Annotator "TA"]
[EventDate "2018.08.19"]
[PlyCount "86"]
[EventType "team-tourn"]
[EventCountry "ESP"]

1. d4 Nf6 2. c4 e6 3. Nc3 Bb4 4. Qc2 b6 5. e4 c5 6. d5 Qe7 7. Be2 exd5 8.
exd5 Qe4 9. Qxe4+ Nxe4 10. Bd2 Bxc3 11. bxc3 Nxd2 12. Kxd2 d6 13. Bd3 O-O
$146 14. Re1 Nd7 15. Nf3 Nf6 16. Re7 b5 17. Rhe1 a6 18. h3 Rb8 19. Kc2 Bb7
20. cxb5 $11 axb5 21. Bxb5 Bxd5 22. a4 $14 Be6 23. Ng5 Bf5+ 24. Kd2 $1 h6
25. Nf3 Nd5 26. Ra7 Nf4 27. g4 Be6 28. g5 Bd5 $15 29. Nh4 g6 30. gxh6 $11
Kh7 31. Ree7 Kxh6 32. Ke3 Nxh3 33. f4 Nxf4 $1 $17 34. Kxf4 g5+ $19 35. Kg4
gxh4 36. Kxh4 Rg8 37. Ra6 Be6 38. Rxd6 $2 Rg4+ 39. Kh3 Rg6+ 40. Kh2 $2 Rbg8
$2 41. Bc6 Kg5 42. Ra7 $2 Kf6 43. Ra8 Rh6# 0-1

[Event "ESP-ch Rapid 2018"]
[Site "Linares"]
[Date "2018.08.19"]
[Round "3"]
[White "Crespo Ruiz, Manuel Maria"]
[Black "Salvador Lopez, Daniel"]
[Result "1-0"]
[WhiteElo "2026"]
[BlackElo "2162"]
[Annotator "TA"]
[EventDate "2018.08.19"]
[PlyCount "53"]
[EventType "team-tourn"]
[EventCountry "ESP"]

1. d4 Nf6 2. Nf3 d5 3. Bg5 c5 4. e3 Nc6 5. c3 Qb6 6. Qc1 Bf5 7. Be2 e6 8.
O-O Ne4 9. Bf4 Be7 10. Nbd2 O-O 11. Nxe4 Bxe4 12. Qd2 cxd4 13. exd4 Rac8
14. Ne5 Nxe5 15. dxe5 $146 Rc7 16. Kh1 Bg6 17. Bg3 Bc5 18. h4 h6 19. h5 Be4
20. b4 Be7 21. Bf4 Qc6 22. Rac1 Kh7 $2 23. f3 $18 Bf5 24. g4 Bxg4 25. fxg4
d4+ 26. Bf3 dxc3 27. Qc2+ 1-0

[Event "ESP-ch Rapid 2018"]
[Site "Linares"]
[Date "2018.08.19"]
[Round "3"]
[White "Hernandez Perez, Juan Carlos"]
[Black "Fernandez Torre, Ivan"]
[Result "0-1"]
[WhiteElo "1946"]
[BlackElo "2128"]
[Annotator "TA"]
[EventDate "2018.08.19"]
[PlyCount "58"]
[EventType "team-tourn"]
[EventCountry "ESP"]

1. e4 c5 2. Nf3 Nc6 3. d4 cxd4 4. Nxd4 Nf6 5. Nc3 e5 6. Ndb5 d6 7. Bg5 a6
8. Na3 b5 9. Nd5 Be7 10. Nxe7 Qxe7 11. c3 O-O 12. f3 Be6 13. Qd2 $146 Rfd8
14. Bd3 d5 15. exd5 Rxd5 16. Qc2 h6 17. Bxf6 Qxf6 18. Be4 Rd6 19. O-O Rad8
$36 20. Rad1 Bd5 21. Bd3 Bxa2 22. Bh7+ Kh8 23. Rxd6 Qxd6 24. Be4 Be6 25.
Qe2 Ne7 26. Bc2 Nf5 27. Re1 f6 28. Qf2 Ne7 29. Rd1 $2 Qxd1+ $1 0-1

[Event "ESP-ch Rapid 2018"]
[Site "Linares"]
[Date "2018.08.19"]
[Round "3"]
[White "Gomez Fernandez, Alfredo"]
[Black "Cabrera Ruiz, Luis"]
[Result "0-1"]
[WhiteElo "1827"]
[BlackElo "2122"]
[Annotator "TA"]
[EventDate "2018.08.19"]
[PlyCount "34"]
[EventType "team-tourn"]
[EventCountry "ESP"]

1. e4 c5 2. Nf3 Nc6 3. d4 cxd4 4. Nxd4 Nf6 5. Nc3 e5 6. Nxc6 bxc6 7. Bc4
Rb8 8. O-O Bc5 9. Bg5 O-O 10. Qf3 $146 h6 11. Bh4 Be7 12. Bb3 d6 13. Rad1
Bg4 $36 14. Qe3 Bxd1 15. Rxd1 Ng4 16. Bxe7 $4 Nxe3 $19 17. Bxd8 Nxd1 0-1

[Event "ESP-ch Rapid 2018"]
[Site "Linares"]
[Date "2018.08.19"]
[Round "3"]
[White "Diaz Sanchez, Jose Francisco"]
[Black "Buendia Pinar, Alvaro"]
[Result "1/2-1/2"]
[WhiteElo "1707"]
[BlackElo "2278"]
[Annotator "TA"]
[EventDate "2018.08.19"]
[PlyCount "140"]
[EventType "team-tourn"]
[EventCountry "ESP"]

1. e4 c5 2. c3 Nc6 3. d4 cxd4 4. cxd4 d5 5. e5 Bf5 6. Nf3 e6 7. Bd3 Bxd3 8.
Qxd3 Nge7 9. a3 Nf5 10. b4 Rc8 11. O-O Be7 12. Nc3 h5 13. Ne2 $146 g5 14.
Ng3 Ng7 15. Be3 g4 16. Nd2 h4 17. Ne2 Nf5 18. Rac1 Qd7 19. Nb3 b6 20. b5
Nd8 21. Rxc8 Qxc8 22. Rc1 Qd7 23. a4 f6 24. Bf4 $18 Nf7 25. exf6 Bd6 26.
Qc2 O-O 27. Qc6 Rd8 28. Bxd6 N7xd6 $11 29. Nf4 Kf7 30. Qc2 $36 Rc8 31. Qd2
$2 Ne4 32. Qe2 Rxc1+ $11 33. Nxc1 Nxf6 34. Ncd3 Qd6 35. Ne5+ $18 Kg7 $2 36.
Nh5+ $1 Nxh5 37. Qxg4+ Kf8 38. Qxh5 Qc7 39. Qh8+ Ke7 40. Qh7+ Kd6 41. Nf7+
Kd7 42. Ne5+ $2 Kc8 $2 43. Qxc7+ Kxc7 44. Nf3 a6 45. g3 $2 hxg3 $16 46.
fxg3 axb5 47. axb5 Nd6 48. g4 Nxb5 49. g5 Nd6 $2 50. Kg2 $2 b5 51. h4 $2 b4
$11 52. Nd2 Nf5 53. Kh3 Kd7 54. Nb3 Ke7 55. Kg4 Nd6 56. h5 Kf7 57. Kf4 Nc4
58. Kg4 Kg7 59. Kf4 Kf7 60. Kg4 e5 $2 61. dxe5 $18 Nxe5+ 62. Kf5 Nf3 63. h6
Nh4+ $11 64. Kg4 Ng6 65. Kf5 Ne7+ 66. Kf4 Kg6 67. Kg4 Nc8 68. Kf4 Nd6 69.
Ke5 Nf7+ 70. Kxd5 Nxg5 1/2-1/2

[Event "ESP-ch Rapid 2018"]
[Site "Linares"]
[Date "2018.08.19"]
[Round "4"]
[White "Anton Guijarro, David"]
[Black "Cruz Lledo, Pablo"]
[Result "1/2-1/2"]
[WhiteElo "2652"]
[BlackElo "2432"]
[Annotator "TA"]
[EventDate "2018.08.19"]
[PlyCount "63"]
[EventType "team-tourn"]
[EventCountry "ESP"]

1. Nf3 d5 2. b3 Nc6 3. Bb2 Bg4 4. d4 Bxf3 5. exf3 e6 6. Bb5 $146 Qd7 7. O-O
a6 8. Bd3 Nf6 9. Nd2 Ne7 10. f4 $14 Ng6 11. g3 Bd6 12. Nf3 O-O 13. Ne5 Qc8
14. c4 dxc4 15. bxc4 c5 16. dxc5 Bxc5 17. Qe2 Rd8 18. Rfd1 Nxe5 19. fxe5
Ne8 20. h4 g6 21. h5 Qc7 22. Be4 Ng7 23. h6 Nf5 24. Bxf5 gxf5 25. Qh5 Be7
26. Rac1 Rxd1+ 27. Rxd1 Rd8 28. Rxd8+ Qxd8 29. Qe2 Bg5 $1 $17 30. Qf3 Qc7
31. Qh5 $11 Be7 32. Qe2 1/2-1/2

[Event "ESP-ch Rapid 2018"]
[Site "Linares"]
[Date "2018.08.19"]
[Round "4"]
[White "Perez Candelario, Manuel"]
[Black "Blanco Acevedo, Cristobal Jose"]
[Result "1/2-1/2"]
[WhiteElo "2611"]
[BlackElo "2336"]
[Annotator "TA"]
[EventDate "2018.08.19"]
[PlyCount "108"]
[EventType "team-tourn"]
[EventCountry "ESP"]

1. e4 d6 2. d4 g6 3. Nf3 Bg7 4. Bc4 e6 5. Bb3 Nd7 6. c3 Ngf6 7. Nbd2 O-O 8.
O-O b6 9. Re1 e5 $146 10. Nf1 Qe7 11. Ng3 Rd8 12. a4 h6 13. a5 b5 14. a6 c5
15. Qe2 Rb8 16. h4 Rb6 17. h5 Nxh5 18. Nxh5 gxh5 19. dxc5 Nxc5 20. Bd5 Bg4
21. Be3 Rxa6 22. Qxb5 $14 Rxa1 23. Rxa1 a6 24. Qc4 Rc8 25. Bxc5 Rxc5 26.
Qxa6 $16 Kh7 27. Qd3 Qc7 28. Nh4 Bf6 29. Nf5 $1 h4 30. Ra8 Ra5 $2 31. Rf8
$1 $18 Bh5 32. Kh2 $2 Bg5 $16 33. g3 hxg3+ 34. Nxg3 $2 Qe7 $15 35. Rb8 Bf4
36. Kg2 Qh4 37. Ra8 Rxa8 38. Bxa8 Bg4 39. b4 Qh3+ 40. Kg1 $11 h5 41. b5 h4
42. Qf1 hxg3 43. Qxh3+ Bxh3 44. b6 Bc8 45. b7 Bxb7 $1 46. Bxb7 gxf2+ 47.
Kxf2 $15 Bd2 48. c4 Kg6 49. Bc8 Bb4 50. Kf3 Kg5 51. Bd7 Bc5 52. Bc8 Kf6 53.
Kg4 Ke7 54. Kf5 Bd4 1/2-1/2